| 000 | 01048nam a22002775a 4500 | ||
|---|---|---|---|
| 001 | 15276086 | ||
| 005 | 20201128013539.0 | ||
| 008 | 080425t2008 enkad frb 001 0 eng d | ||
| 020 | _a9781845429737 | ||
| 040 |
_aDLC _beng _cDLC _dEG-ScBUE |
||
| 043 | _ae-ur--- | ||
| 082 | 0 | 4 |
_a338.040947 _bINN _222 |
| 245 | 0 | 0 |
_aInnovation and entrepreneurship : _bSuccessful start-ups and businesses in emerging economies / _cedited by Ruta Aidis, Friederike Welter. |
| 260 |
_aCheltenham ; _aNorthampton : _bEdward Elgar Publishing Limited, _cc.2008. |
||
| 300 |
_aviii, 130 p. : _bchart, tables ; _c24 cm. |
||
| 500 | _aIndex : p. 125-130. | ||
| 504 | _aIncludes bibliographical references. | ||
| 650 | 0 |
_aEntrepreneurship _zFormer Soviet republics. _2BUEsh _92240 |
|
| 650 | 0 |
_aBusiness enterprises _zFormer Soviet republics. _2BUEsh _92241 |
|
| 651 | _2BUEsh | ||
| 653 |
_bBUSADM _cMay2015 |
||
| 655 |
_vreading book _934232 |
||
| 700 | 1 |
_aAidis, Ruta. _eeditor. _92242 |
|
| 700 | 1 |
_aWelter, Friederike. _eeditor. _92243 |
|
| 942 |
_2ddc _cBB _k338.040947 INN |
||
| 999 |
_c11049 _d11049 |
||